00333nam a2200145Ia 4500008004100000020001500041041001200056082001600068100001200084245002800096260002900124300000800153650001400161700001200175221030s9999 xx 000 0 und d a8176566535 aEnglish a105.23bJai aM. Jain 0aPC Software made Simple bBPB PubaNew Delhic2002 a450 aComputers aS. Jain